Sports Quiz

Random Sports or NHL Quiz

NHL All-Time Leaders Quiz Stats

Quiz Updated Aug 29, 2016

Challenge
Share
Tweet
Embed
Score 0/250 Timer 14:00
0 Plays Today
% Correct
Wayne Gretzky
97.8%
Wayne Gretzky
97.7%
Wayne Gretzky
97.7%
Wayne Gretzky
97.7%
Gordie Howe
89.2%
Gordie Howe
89.2%
Gordie Howe
89.2%
Gordie Howe
89.2%
Mark Messier
85.2%
Mark Messier
85.2%
Mark Messier
85.2%
Mark Messier
85.2%
Mario Lemieux
84.9%
Mario Lemieux
84.8%
Mario Lemieux
84.8%
Patrick Roy
84.7%
Brett Hull
84.5%
Brett Hull
84.5%
Bobby Hull
84.5%
Bobby Hull
84.5%
Jaromir Jagr
84%
Jaromir Jagr
84%
Jaromir Jagr
84%
Martin Brodeur
83%
Jaromir Jagr
78.2%
Steve Yzerman
77%
Steve Yzerman
77%
Steve Yzerman
77%
Steve Yzerman
77%
Phil Esposito
72.8%
Phil Esposito
72.8%
Phil Esposito
72.8%
Tony Esposito
72.5%
Maurice Richard
72.4%
Joe Sakic
71.1%
Joe Sakic
71.1%
Joe Sakic
71.1%
Joe Sakic
71.1%
Jari Kurri
69.7%
Jari Kurri
69.7%
Jari Kurri
69.7%
Teemu Selänne
69.2%
Teemu Selänne
69.2%
Teemu Selänne
69.2%
Dominik Hasek
68.7%
Raymond Bourque
67.6%
Raymond Bourque
67.6%
Raymond Bourque
67.6%
Paul Coffey
67.3%
Paul Coffey
67.3%
Paul Coffey
67.3%
Mike Bossy
66.3%
Mike Modano
65.4%
Mike Modano
65.4%
Mike Modano
65.4%
Mike Modano
65.4%
Guy Lafleur
65.3%
Guy Lafleur
65.3%
Guy Lafleur
65.3%
Ron Francis
64.5%
Ron Francis
64.5%
Ron Francis
64.5%
Ron Francis
64.5%
Marcel Dionne
64.3%
Marcel Dionne
64.3%
Marcel Dionne
64.3%
Ed Belfour
62.5%
Billy Smith
62.1%
Mats Sundin
61.9%
Mats Sundin
61.9%
Mats Sundin
61.9%
Joe Thornton
61.7%
Nicklas Lidström
61.3%
Nicklas Lidström
61.3%
Teemu Selänne
61.2%
Chris Chelios
61.1%
Luc Robitaille
61.1%
Chris Chelios
61.1%
Luc Robitaille
61.1%
Luc Robitaille
61.1%
Luc Robitaille
61.1%
Bryan Trottier
59.3%
Bryan Trottier
59.3%
Bryan Trottier
59.3%
% Correct
Grant Fuhr
59.1%
Brendan Shanahan
58.7%
Brendan Shanahan
58.7%
Brendan Shanahan
58.7%
Adam Oates
58.7%
Adam Oates
58.7%
Scott Stevens
58.5%
Stan Mikita
57.9%
Stan Mikita
57.9%
Stan Mikita
57.9%
Stan Mikita
57.9%
Jarome Iginla
57.4%
Denis Potvin
57.1%
Bobby Clarke
56.9%
Bobby Clarke
56.9%
Patrick Marleau
56.9%
Henrik Sedin
56.8%
Mark Recchi
56.7%
Mark Recchi
56.7%
Mark Recchi
56.7%
Mark Recchi
56.7%
Glenn Anderson
56.1%
Curtis Joseph
55.5%
Mike Gartner
55.2%
Mike Gartner
55.2%
Mike Gartner
55.2%
Jarome Iginla
55%
Joe Thornton
54.8%
Sergei Fedorov
54.3%
Jeremy Roenick
54%
Jeremy Roenick
54%
Jeremy Roenick
54%
Dave Andreychuk
53.4%
Dave Andreychuk
53.4%
Dave Andreychuk
53.4%
Terry Sawchuk
52.8%
Chris Osgood
52.2%
Dale Hawerchuk
52.1%
Dale Hawerchuk
52.1%
Dale Hawerchuk
52.1%
Alex Ovechkin
51.7%
Jean Beliveau
51.5%
Jean Beliveau
51.5%
Jean Beliveau
51.5%
Joe Thornton
51.2%
Jacques Plante
50.8%
Mike Richter
50.7%
Brian Leetch
50.4%
Ron Hextall
50.3%
Al MacInnis
50.3%
Al MacInnis
50.3%
Al MacInnis
50.3%
Roberto Luongo
50.3%
Denis Savard
50%
Denis Savard
50%
Patrick Marleau
50%
Doug Gilmour
49.9%
Doug Gilmour
49.9%
Doug Gilmour
49.9%
Marc-André Fleury
49.1%
Ryan Miller
49%
Larry Robinson
46.8%
Larry Robinson
46.8%
Dino Ciccarelli
46.2%
Dino Ciccarelli
46.2%
Felix Potvin
45.7%
John Bucyk
45.6%
John Bucyk
45.6%
John Bucyk
45.6%
John Bucyk
45.6%
Joe Nieuwendyk
45.5%
Henrik Lundqvist
45.2%
Mike Vernon
44.9%
Keith Tkachuk
44.7%
Lanny McDonald
44.2%
Peter Stastny
44%
Peter Stastny
44%
Olaf Kolzig
43.7%
Glenn Hall
43%
Carey Price
42.9%
Pierre Turgeon
42.9%
Pierre Turgeon
42.9%
Pierre Turgeon
42.9%
Gilbert Perreault
42.8%
% Correct
Gilbert Perreault
42.8%
Gilbert Perreault
42.8%
Peter Bondra
42.1%
Phil Housley
41.9%
Phil Housley
41.9%
Phil Housley
41.9%
Larry Murphy
41.6%
Larry Murphy
41.6%
Larry Murphy
41.6%
Rod Brind'amour
41.2%
Rod Brind'amour
41.2%
Rod Brind'amour
41.2%
Miikka Kiprusoff
41.2%
Darryl Sittler
40.8%
Tom Barrasso
40.4%
Daniel Alfredsson
40.2%
Ken Dryden
40.1%
Andy Moog
40%
Alex Delvecchio
38.9%
Alex Delvecchio
38.9%
Alex Delvecchio
38.9%
Michel Goulet
38.6%
John Vanbiesbrouck
38.1%
Marion Hossa
37.6%
Joe Mullen
37.4%
Sean Burke
37%
Bernie Nicholls
36.4%
Bernie Nicholls
36.4%
Trevor Linden
36%
Bernie Parent
35.9%
Marty Turco
35%
Jean-Sébastien Giguère
34.8%
Frank Mahovlich
34.8%
Mike Liut
34.8%
Pat Verbeek
34.3%
Pat Verbeek
34.3%
Jean Ratelle
33.6%
Jean Ratelle
33.6%
Jean Ratelle
33.6%
Evgeni Nabokov
32.8%
Nikolai Khabibulin
32.7%
Bernie Federko
32.2%
Turk Broda
32.2%
Vincent Damphousse
31.4%
Vincent Damphousse
31.4%
Vincent Damphousse
31.4%
Jose Theodore
30.1%
Harry Lumley
29.6%
Brian Bellows
29.5%
Tomas Vokoun
29.1%
Doug Weight
28.4%
Norm Ullman
28.2%
Norm Ullman
28.2%
Norm Ullman
28.2%
Norm Ullman
28.2%
Dale Hunter
27.9%
Gump Worsley
27.2%
Pekka Rinne
27.2%
Rogie Vachon
26.6%
Jarome Iginla
26.6%
Tim Horton
25%
Don Beaupre
24.8%
Jonathan Quick
24.6%
Zdeno Chara
24.4%
Ed Giacomin
24%
Tiny Thompson
24%
Shane Doan
23.5%
Kari Lehtonen
23.2%
Kelly Hrudey
22.2%
Glen Wesley
19.7%
Dan Bouchard
18%
Cam Ward
17.4%
Scott Mellanby
17.3%
Teppo Numminen
17.1%
Giles Meloche
15%
Luke Richardson
14.5%
Harry Howell
14%
Roman Hamrlik
13.8%
Matt Cullen
12.7%
Ron Stewart
10.6%
Dean Prentice
9.8%
Doug Mohns
9%

You're not logged in!

Compare scores with friends on all Sporcle quizzes.
Sign Up with Email
OR
Log In

You Might Also Like...

Show Comments

Extras

Top Quizzes Today


Score Distribution

Your Account Isn't Verified!

In order to create a playlist on Sporcle, you need to verify the email address you used during registration. Go to your Sporcle Settings to finish the process.